| 000 -LEADER |
| fixed length control field |
00698cam a22002054a 4500 |
| 020 ## - INTERNATIONAL STANDARD BOOK NUMBER |
| ISBN |
1559638648 |
| 040 ## - CATALOGING SOURCE |
| Transcribing agency |
DLC |
| 082 00 - DEWEY DECIMAL CLASSIFICATION NUMBER |
| Classification number |
363 ISL 2002 A012 Or. |
| 100 1# - MAIN ENTRY--AUTHOR NAME |
| Personal name |
Hershkowitz, Allen. |
| 245 10 - TITLE STATEMENT |
| Title |
Bronx ecology : |
| Remainder of title |
blueprint for a new environmentalism / |
| 260 ## - PUBLICATION, DISTRIBUTION, ETC. (IMPRINT) |
| Place of publication |
Washington : |
| Name of publisher |
Island Press, |
| Year of publication |
2002. |
| 300 ## - PHYSICAL DESCRIPTION |
| Number of Pages |
xv, 281 p. : |
| Other physical details |
ill. (some col.) ; |
| Dimensions |
23 cm. |
| 650 #0 - SUBJECT ADDED ENTRY--TOPICAL TERM |
| Topical Term |
Industrial ecology |
| 650 #0 - SUBJECT ADDED ENTRY--TOPICAL TERM |
| Topical Term |
Waste paper |
| 700 1# - ADDED ENTRY--PERSONAL NAME |
| Personal name |
Lin, Maya Ying. |
| 856 41 - ELECTRONIC LOCATION AND ACCESS |
| Uniform Resource Identifier |
http://www.loc.gov/catdir/toc/fy035/2002010629.html |
| 856 42 - ELECTRONIC LOCATION AND ACCESS |
| Uniform Resource Identifier |
http://www.loc.gov/catdir/enhancements/fy0666/2002010629-d.html |
| 856 42 - ELECTRONIC LOCATION AND ACCESS |
| Uniform Resource Identifier |
http://www.loc.gov/catdir/enhancements/fy1516/2002010629-b.html |
| 942 ## - ADDED ENTRY ELEMENTS (KOHA) |
| Koha item type |
សៀវភៅភាសាអង់គ្លេស |
| 952 ## - LOCATION AND ITEM INFORMATION (KOHA) |
| Withdrawn status [LOCAL, KOHA] |
0 |